000 00752cam a22001934a 4500
005 20250605164351.0
008 250528s ||||||||||||||||||||||||d
035 _a24111
040 _aGR-AtMCL
_bgre
_dGR-AtMCL
_eAACR2
245 1 _aThe Chemical Brain
260 _c2007
300 _a63
520 _aZimbardo Reassessed, Altruism, Freeing Qualitative Research, Psychologists and Torture, Marketing, The Psychology of Altruism, Free Qualitative Research from the Shackles of Method, Psychologists and Torture: More than a Question of Interrogation, Marketing Psychology and the Hidden Persuaders.
700 1 _aSutton Jon
_99351
942 _cCR
710 2 _aThe British Psychological Society
_99823
999 _c9010
_d9010